| 000 | 00723 a2200205 4500 | ||
|---|---|---|---|
| 005 | 20080925114917.0 | ||
| 008 | 080925t xxu||||| |||| 00| 0 eng d | ||
| 010 | _aENG-87907 | ||
| 020 |
_a8189557750 _c650.00 |
||
| 035 | _aEN-71440 | ||
| 037 | _bDBAD / PUB | ||
| 082 | _a677 | ||
| 100 | _aSudha Rani | ||
| 245 |
_aTextile and laundry/ _cby Sudha Rani |
||
| 260 |
_aNew Delhi _bArise Publishers & Distributors _c2007 |
||
| 270 |
_a4648/1, 21, Ansari Road, Darya Ganj, _bNew Delhi _e110 002 |
||
| 300 |
_a280p. _c22cm. (Hb) |
||
| 942 |
_adpl _cEN _k677 / SUD _2ddc _h677 _mSUD |
||
| 999 |
_c7360 _d7360 |
||